Top 5 Rushers For Each NFL Team - Statistics

General Stats
  • This quiz has been taken 437 times
  • The average score is 67 of 160
Answer Stats
Team Years Player % Correct
Dallas Cowboys 1990-2002 Emmitt Smith
88%
1993-2000 Robert Smith
88%
1962-1974 Bill Brown
84%
Cleveland Browns 1957-1965 Jim Brown
84%
1969-1976 Larry Brown
84%
2005-2010 Ronnie Brown
84%
1979-1986 Ted Brown
84%
2007-2014 Fred Jackson
81%
2010-2015 Marshawn Lynch
81%
Loas Angeles Rams 2004-2012 Steven Jackson
81%
Detroit Lions 1989-1998 Barry Sanders
80%
Los Angeles Chargers 2001-2009 Ladainian Tomlinson
80%
2005-2010 Cadillac Williams
79%
2006-2014 DeAngelo Williams
79%
2003-2005 Domanick Williams
79%
Pittsburgh Steelers 1972-1983 Franco Harris
79%
1986-1993 John Williams
79%
1999-2011 Kevin Faulk
79%
1994-1998 Marshall Faulk
79%
1999-2005 Marshall Faulk
79%
2002-2010 Ricky Williams
79%
2008-2013 Chris Johnson
78%
Seattle Seahawks 2000-2007 Shaun Alexander
78%
Minnesota Vikings 2007-2016 Adrian Peterson
77%
San Fransisco 49ers 2005-2014 Frank Gore
77%
1960-1965 John Henry Johnson
77%
2003-2009 Larry Johnson
77%
1977-1983 Pete Johnson
77%
2001-2007 Rudi Johnson
77%
1996-2005 Jerome Bettis
76%
2007-2014 Pierre Thomas
75%
Buffalo Bills 1988-1999 Thurman Thomas
75%
Chicago Bears 1975-1987 Walter Payton
75%
1995-1997 Curtis Martin
74%
New York Jets 1998-2005 Curtis Martin
74%
2012-2017 Doug Martin
74%
1987-1991 Eric Dickerson
74%
1983-1987 Eric Dickerson
74%
Philadelphia Eagles 2009-2014 LeSean McCoy
74%
2013-2017 Le'Von Bell
74%
1969-1977 O.J Simpson
74%
1996-2002 Stephen Davis
72%
Denver Broncos 1995-2001 Terrell Davis
72%
Baltimore Ravens 2000-2006 Jamal Lewis
71%
1969-1975 Altie Taylor
70%
Indianapolis Colts 1999-2005 Edgerrin James
70%
Jacksonville Jaguars 1998-2008 Fred Taylor
70%
1958-1966 Jim Taylor
70%
Oakland Raiders 1982-1992 Marcus Allen
70%
Houston Texans 2009-2015 Arian Foster
67%
2003-2007 DeShaun Foster
67%
Kansas City Chiefs 2008-2016 Jamal Charles
65%
Green Bay Packers 2000-2009 Ahman Green
63%
New York Giants 1997-2006 Tiki Barber
63%
1978-1984 Earl Campbell
62%
2006-2013 Maurice Jones-Drew
62%
1997-2000 Priest Holmes
61%
2001-2007 Priest Holmes
61%
2008-2013 Ray Rice
60%
Cincinnati Bengals 1997-2003 Corey Dillon
58%
Tennessee Titans / Oilers 1996-2003 Eddie George
58%
1994-2001 Jamal Anderson
57%
2000-2005 Mike Anderson
57%
1986-1993 Neal Anderson
57%
Arizona Cardinals 1979-1986 Otis Anderson
57%
2012-2015 Alfred Morris
56%
1982-1988 Joe Morris
56%
1969-1975 Mercury Morris
56%
2011-2017 Mark Ingram
55%
1977-1987 Tony Dorsett
55%
Miami Dolphins 1968-1979 Larry Csonka
54%
Washington Redskins 1976-1985 John Riggins
53%
1995-1999 James Stewart
52%
Carolina Panthers 2008-2017 Jonathon Stewart
52%
2008-2015 Matt Forte
52%
2004-2010 Clinton Portis
47%
1983-1990 Roger Craig
45%
2001-2004 Travis Henry
43%
1965-1971 Gale Sayers
41%
1988-1994 Lorenzo White
41%
2008-2012 Michael Turner
41%
2002-2007 Warrick Dunn
41%
1997-2001 Warrick Dunn
41%
1987-1992 Christian Okoye
37%
2002-2009 Brian Westbrook
36%
2005-2013 Brandon Jacobs
34%
2016-2017 Lamar Miller
34%
2004-2009 Willie Parker
34%
New England Patriots 1973-1982 Sam Cunningham
32%
1969-1974 Calvin Hill
31%
2010-2014 Ryan Matthews
30%
2011-2017 Cam Newton
29%
1996-2006 Mike Alstott
28%
2007-2010 Willis McGahee
28%
1997-2003 Garrison Hearst
26%
Atlanta Falcons 1982-1988 Gerald Riggs
25%
1980-1984 Billy Sims
23%
1989-1993 Curt Warner
23%
2014-2016 Justin Forsett
23%
1990-1997 Chris Warren
22%
2008-2011 Cedric Benson
21%
1973-1979 Chuck Foreman
20%
2014-2017 Alfred Blue
19%
1981-1992 Freeman McNeil
19%
1964-1974 Leroy Kelly
19%
1997-2003 Duce Staley
18%
1981-1984 George Rogers
18%
1984-1991 James Brooks
18%
Tampa Bay Buccaneers 1981-1989 James Wilder
18%
1977-1984 Wilbbert Montgomery
18%
New Orleans Saints 2001-2008 Deuece McCallister
17%
1967-1975 Floyd Little
17%
1985-1993 Kevin Mack
17%
1956-1967 Lenny Moore
17%
1993-1999 Natrone Means
17%
2007-2012 Ryan Grant
15%
1968-1974 Jim Kiick
14%
1948-1963 Joe Perry
14%
1972-1977 Lydell Mitchell
14%
1995-2000 Napoleon Kaufman
14%
1990-1997 Rodney Hampton
14%
1981-1989 Stump Mitchell
14%
1944-1951 Steve van Buren
13%
1979-1986 William Andrews
12%
1973-1981 Greg Pruitt
11%
1965-1971 Jim Nance
11%
1964-1972 Matt Snell
11%
1976-1984 Mike Pruitt
11%
1981-1987 Tony Collins
11%
1980-1985 Joe Cribbs
10%
1966-1975 Emerson Boozer
9%
1986-1993 Dalton Hilliard
8%
1989-1993 Marion Butts
8%
1973-1980 Otis Armstrong
8%
1982-1990 Sammy Winder
8%
1961-1967 Clem Daniels
6%
1972-1979 Lawerence McCuctheon
6%
1995-2003 Mark Brunell
6%
2011-2013 Ben Tate
5%
1947-1955 Charley Trippi
5%
2002-2010 David Garrard
5%
1969-1977 Ed Podolak
5%
1973-1978 Jim Otis
5%
1971-1977 John Brockington
5%
1969-1975 Marv Hubbard
5%
1961-1968 Don Perkins
4%
1972-1983 Robert Newhouse
4%
1960-1969 Dick Bass
3%
1983-1992 Johnny Hector
3%
1960-1968 Paul Lowe
3%
1941-1952 Tony Canadeo
3%
1974-1981 Mark van Eeghen
2%
1955-1964 Alex Webster
1%
1974-1984 Dexter Bussey
1%
1966-1972 Hoyle Granger
1%
1966-1972 Johnny Roland
1%
1965-1973 Ken Williard
1%
1955-1964 Rick Casares
1%
1996-2001 Tim Biakabutuka
1%
1959-1965 Nick Pietrosante
0%
No matching quizzes found
Score Distribution
Percent of People with Each Score
Percentile by Number Answered
Your Score History
You have not taken this quiz